00454nam a2200145 a 450000500170000000800410001702000180005805000180007610000260009424500880012026000380020830000230024644000150026965000240028420140412111322.0001214s19uu xx 00 eng d a0-307-13154-8 aERbBa23 1998 aZakarin, Debra Mostow aDear Barbie: the new baby /cbe Debra Mostow Zakarin ; illustrated by S. I. Artist. aNew York :bA Golden Book,c1998. a1 v. (unp.) ; ill. aDear Babie aNew baby -- Fiction